<?xml version="1.0" encoding="UTF-8"?>
<record
    xmlns:xsi="http://www.w3.org/2001/XMLSchema-instance"
    xsi:schemaLocation="http://www.loc.gov/MARC21/slim http://www.loc.gov/standards/marcxml/schema/MARC21slim.xsd"
    xmlns="http://www.loc.gov/MARC21/slim">

  <leader>00523nam a2200181Ia 4500</leader>
  <controlfield tag="003">OSt</controlfield>
  <controlfield tag="005">20251110150755.0</controlfield>
  <controlfield tag="008">250729s2003    xx            000 0 und d</controlfield>
  <datafield tag="040" ind1=" " ind2=" ">
    <subfield code="c">AL</subfield>
  </datafield>
  <datafield tag="041" ind1=" " ind2=" ">
    <subfield code="a">kan</subfield>
  </datafield>
  <datafield tag="082" ind1=" " ind2=" ">
    <subfield code="a">370 KONB</subfield>
  </datafield>
  <datafield tag="100" ind1=" " ind2=" ">
    <subfield code="a">&#xC95;&#xCCA;&#xC82;&#xC97;&#xCB5;&#xCBE;&#xCA1; &#xC8E;&#xCA8;&#xCCD; &#xCAC;&#xCBF;</subfield>
    <subfield code="9">224135</subfield>
  </datafield>
  <datafield tag="245" ind1=" " ind2=" ">
    <subfield code="a">&#xCAD;&#xCBE;&#xCB0;&#xCA4;&#xCA6;&#xCB2;&#xCCD;&#xCB2;&#xCBF; &#xCB6;&#xCBF;&#xC95;&#xCCD;&#xCB6;&#xCA3; &#xCAE;&#xCA4;&#xCCD;&#xCA4;&#xCC1; &#xCAA;&#xCCD;&#xCB0;&#xC9A;&#xCB2;&#xCBF;&#xCA4; &#xCB8;&#xCAE;&#xCB8;&#xCCD;&#xCAF;&#xCC6;&#xC97;&#xCB3;&#xCC1;</subfield>
  </datafield>
  <datafield tag="260" ind1=" " ind2=" ">
    <subfield code="a">&#xC97;&#xCA6;&#xC97;</subfield>
    <subfield code="c">2003</subfield>
  </datafield>
  <datafield tag="300" ind1=" " ind2=" ">
    <subfield code="a">396p</subfield>
  </datafield>
  <datafield tag="650" ind1=" " ind2=" ">
    <subfield code="a">Education</subfield>
    <subfield code="9">224136</subfield>
  </datafield>
  <datafield tag="942" ind1=" " ind2=" ">
    <subfield code="2">ddc</subfield>
    <subfield code="c">BED</subfield>
  </datafield>
  <datafield tag="999" ind1=" " ind2=" ">
    <subfield code="c">236261</subfield>
    <subfield code="d">236261</subfield>
  </datafield>
  <datafield tag="952" ind1=" " ind2=" ">
    <subfield code="0">0</subfield>
    <subfield code="1">0</subfield>
    <subfield code="4">0</subfield>
    <subfield code="7">0</subfield>
    <subfield code="a">AL</subfield>
    <subfield code="b">AL</subfield>
    <subfield code="d">2025-07-29</subfield>
    <subfield code="e">School Book Company</subfield>
    <subfield code="g">150.00</subfield>
    <subfield code="l">0</subfield>
    <subfield code="o">370 KONB</subfield>
    <subfield code="p">BED01580</subfield>
    <subfield code="r">2025-07-29 16:54:41</subfield>
    <subfield code="v">150.00</subfield>
    <subfield code="w">2025-07-29</subfield>
    <subfield code="y">BK</subfield>
  </datafield>
</record>
